000 00788nam a2200277#a 4500
001 01660
003 HDC
007 ta
008 230623s1987 xx 000 0 eng d
020 _a0316096504 (hbk)
040 _aHDC
050 _aE161
_b.B52 1987
100 _aBirmingham, Stephen.
245 0 _aAmerica's secret aristocracy /
_cStephen Birmingham.
250 _a1st ed.
264 _aBoston :
_bLittle, Brown,
_cc1987.
300 _a334p., [16] p. of plates :
_b ill., ports. ;
_c 24cm.
500 _aBibliography: p. 323-325.
_aIncludes index.
650 _aUnited States
_xBiography.
650 _aUnited States
_xSocial life and customs.
650 _aUpper class
_zUnited States
_xHistory.
942 _2lcc
942 _cBK
942 _kE161
942 _m.B52 1987
999 _c23226
_d23226